| 000 | 01298njm a2200289Ia 4500 | ||
|---|---|---|---|
| 001 | 61806 | ||
| 003 | IT-RoPAU | ||
| 005 | 20220918181127.0 | ||
| 008 | 131025s9999 xx 000 0 und d | ||
| 040 | _aIT-RoPAU | ||
| 040 | _cIT-RoPAU | ||
| 041 | _aINGLESE | ||
| 999 |
_c100255 _d100255 |
||
| 999 | _bn.d. | ||
| 100 |
_aBeatles (The) _923123 |
||
| 100 |
_eAutore musica _923124 |
||
| 100 |
_gCodice autore musica SPICS: 9428 _923125 |
||
| 245 | _aRevolver (The Beatles) | ||
| 250 | _a2a ed. | ||
| 260 | _aENGLAND | ||
| 260 |
_bEMI RECORDS _c1987 [1a Ed.:1966 - Ed. Lingua Orig.: 1966] |
||
| 300 | _aCOMPACT DISC | ||
| 500 | _aMusica pop. | ||
| 505 | _aTaxman (Harrison) - Eleanor Rigby (Lennon-McCartney) - I'm Only Sleeping (Lennon-McCartney) - Here, There and Everywhere (Lennon-McCartney) - Yellow Submarine (Lennon-McCartney) - She Sayd She Sayd (Lennon-McCartney) - Good Day Sunshine (Lennon-McCartney) - And Your Bird Can Sing (Lennon-McCartney) - For No One (Lennon-McCartney)* Doctor Robert (Lennon-McCartney) - I Want To Tell You (Harrison) - Got To Get You Into My Life (Lennon-McCartney) - Tomorrow Never Knows (Lennon-McCartney) | ||
| 650 |
_aPOP [COMPACT DISC] _eCodice MATERIA SPICS: 9949 _910570 |
||
| 700 |
_aBeatles (The) _gCodice interprete SPICS: 9428 _eInterprete _923126 |
||
| 942 |
_cCD _2ddc |
||